000
00294nam a2200109Ia 4500
008
200302s9999 xx 000 0 und d
100
_a
Lisa Frindley
245
_a
Studios Architecture Buildings Innovation + Technology
260
_b
Images Publishing, Austraila
260
_c
2009
300
_a
98 P
999
_c
4874
_d
4874